00445nam a2200181 a 4500001001300000003000900013005001700022008004100039020000900080082001700089100002200106245002900128260002300157300000900180500003500189650001700224700002200241nice12345678IN_TiNIC20260116013900.0080410s1994 dela grp 000 0 eng  ac3000a250.954bZAC aZachariah, Mathai aInside the Indian Church aDelhibISPCKc1994 a106p aincludes index and biblioraphy aChurch-India1 aZachariah, Mathai